00620 2200205 4500001002100000005001500021035002000036007000300056008004100059020001500100082000800115084001400123100005300137245010100190250001100291260004800302300003700350600001800387990000900405INLIS00000000000739020210317015443 a0010-0321000760ta210317 g 0 ind  a9792052631 a003 a003 M. a0 aM. Fakhruddin, M. Firmansyah, M. Sopian Hadianto1 aAnalisis Teknikal dengan MetaStock :bbuku 2 /cM. Fakhruddin, M. Firmansyah, M. Sopian Hadianto aCet. 1 aJakarta :bPT. Elex Media Komputindo,c2004 axii, `163 hlm :b. ;c14 x 21 cm 4aANALISIS DATA a4621